Rozpoltený názor na sociálny štát silný sociálny štát a sociálne istoty alebo osobná sloboda jednotlivca?

Odpovede na otázky voličského testu, v ktorom si respondenti mohli overiť program politickej strany, ktorý je najbližší ich vlastným názorom. Test zverejnila Nadácia F.A. Hayeka na internetovej stránke Politický supermarket.

Guardado en:
Detalles Bibliográficos
Autor principal: Solík, Ján
Formato: Capítulo de libro
Lenguaje:eslovaco
Materias:
Etiquetas: Agregar Etiqueta
Sin Etiquetas, Sea el primero en etiquetar este registro!

MARC

LEADER 00000naa$a2200000$$$4500
001 0045373
005 20240502071526.7
041 0 |a slo 
044 |a SK 
245 1 0 |a Rozpoltený názor na sociálny štát  |b silný sociálny štát a sociálne istoty alebo osobná sloboda jednotlivca?  |c Ján Solík 
520 |a Odpovede na otázky voličského testu, v ktorom si respondenti mohli overiť program politickej strany, ktorý je najbližší ich vlastným názorom. Test zverejnila Nadácia F.A. Hayeka na internetovej stránke Politický supermarket. 
610 2 0 |a štát sociálny 
610 2 0 |a dane rovné 
610 2 0 |a zaťaženie daňové 
610 2 0 |a odvody 
610 2 0 |a dane z hodnoty pridanej 
610 2 0 |a postoje 
610 2 0 |a ankety 
100 1 |a Solík, Ján